Principles of Fluorescence Spetroscopy
Salvato in:
| Autore principale: | |
|---|---|
| Natura: | Libro |
| Lingua: | inglese |
| Pubblicazione: |
New York :
Springer Science+Business Media, LLC,
2006
|
| Edizione: | Third Edition |
| Tags: |
Nessun Tag, puoi essere il primo ad aggiungerne!!
|
MARC
| LEADER | 00000nam a22000003a 4500 | ||
|---|---|---|---|
| 001 | stu301589 | ||
| 005 | 20190206105301.4 | ||
| 008 | 141205s--------xxu-----------------eng-d | ||
| 020 | |a 978-0-387-31278-1 | ||
| 040 | |a STU |b slo | ||
| 041 | 0 | |a eng | |
| 044 | |a xxu | ||
| 080 | |a 535.1 |7 stu_us_auth*stu6848 | ||
| 100 | 1 | |a Lakowicz, Joseph R |4 aut | |
| 245 | 1 | |a Principles of Fluorescence Spetroscopy | |
| 250 | |a Third Edition | ||
| 260 | |a New York : |b Springer Science+Business Media, LLC, |c 2006 | ||
| 300 | |a 954 s | ||
| 996 | |b 284EK89428 |c E*89428 |l EE36 |s P |a 0 |w stu301589_0001 | ||